000 00724nam a2200277Ia 4500
001 2790
003 EWU MFN
005 20141222140556.0
008 110604s9999 xx 000 0 und d
035 _a(OCoLC)
040 _aBD-DhEWU
_dBD-DhEWU
_beng
_cBD-DhEWU
041 _aENG
082 _a423.39149
_bDES 0
100 1 _aDEV,, Ashu Tosh
_913580
245 1 0 _aStudents favourite dictionary :
_bbengali to english
250 _a20th ed.
260 _aDhaka :
_bAbdur Rahman,
_c0
300 _a1290:00:00
_bill ;
526 _aEnglish
590 _aRokon Mahamud
653 1 _aDicionary Dictionary Bengali to English
653 1 _aDictionary
856 _3WorldCat details
942 _cTEXT
_2ddc
953 _a0
999 _c2727
_d2727